Ubicación no espacial.

Uloženo v:
Podrobná bibliografie
Hlavní autor: Espinoza, Tutu (edición fotográfica)
Médium: Kniha
Jazyk:španělština
Vydáno: [Viña Del Mar, Chile]: Volare Estudio Gráfico, 2017.
Témata:
Tagy: Přidat tag
Žádné tagy, Buďte první, kdo vytvoří štítek k tomuto záznamu!

MARC

LEADER 00000nam a22000007a 4500
003 CL-VaPUC
005 20250321101924.0
008 250117t2017 ||||| |||| 00| 0 spa d
999 |c 446610  |d 446608 
040 |c Pontificia Universidad Católica de Valparaíso 
082 |2 22  |a 779.44 ESP 2017 
100 |9 895539  |a Espinoza, Tutu  |e edición fotográfica 
245 |a Ubicación no espacial. 
260 |a [Viña Del Mar, Chile]:  |b Volare Estudio Gráfico,  |c 2017. 
300 |a páginas:  |b fotografías. 
500 |a c.1: Instituto Arcos. 08-01-2025. 
583 |c 20250117  |k Yessy Sthefany Diaz Vidal 
650 0 |9 535989  |a Fotografías artísticas  |y Siglo 21   |z Valparaíso y Santiago de Chile 
650 0 |9 535989  |a Fotografías artísticas  |x Arquitectura y paisaje urbano  |x Formas geométricas 
942 |2 ddc  |c BK  |n 0 
952 |0 0  |1 0  |2 ddc  |4 0  |6 779_440000000000000_ESP_2017  |7 0  |8 A  |9 599513  |a BIBINC  |b BIBINC  |d 2025-01-17  |e Instituto Arcos  |i 5664477  |o 779.44 ESP 2017  |p 5664477  |r 2025-01-17  |t 1  |w 2025-01-17  |y BK  |k IFP